Sesenta años de música (1876-1936) : (Record no. 35265)

MARC details
000 -LEADER
campo de control de longitud fija 00781nam a2200217 i 4500
001 - NÚMERO DE CONTROL
campo de control 35265
003 - IDENTIFICADOR DE NÚMERO DE CONTROL
campo de control ES-MaACL
005 - FECHA Y HORA DE LA ÚLTIMA TRANSACCIÓN
campo de control 20231227163323.0
007 - CAMPO FIJO DE DESCRIPCIÓN FÍSICA--INFORMACIÓN GENERAL
campo de control de longitud fija t|
008 - DATOS DE LONGITUD FIJA--INFORMACIÓN GENERAL
campo de control de longitud fija 030212s1945 sp ||||1| spa d
100 1# - ENTRADA PRINCIPAL--NOMBRE DE PERSONA
Nombre de persona Borrell Vidal, José.
9 (RLIN) 30591
245 10 - MENCIÓN DEL TÍTULO
Título Sesenta años de música (1876-1936) :
Resto del título impresiones y comentarios de un viejo aficionado /
Mención de responsabilidad, etc. José Borrell Vidal ; prólogo de Conrado del Campo ; marco de la época por José María Soroa.
260 ## - PUBLICACIÓN, DISTRIBUCIÓN, ETC.
Lugar de publicación, distribución, etc. Madrid :
Nombre del editor, distribuidor, etc. Dossat,
Fecha de publicación, distribución, etc. [1945]
300 ## - DESCRIPCIÓN FÍSICA
Extensión 267 p., 4 lám. ;
Dimensiones 20 cm.
650 #4 - PUNTO DE ACCESO ADICIONAL DE MATERIA--TÉRMINO DE MATERIA
Término de materia o nombre geográfico como elemento de entrada Música-
Subdivisión geográfica Madrid.
9 (RLIN) 144283
650 #4 - PUNTO DE ACCESO ADICIONAL DE MATERIA--TÉRMINO DE MATERIA
Término de materia o nombre geográfico como elemento de entrada Conciertos-
Subdivisión geográfica Madrid.
9 (RLIN) 148911
700 1# - ENTRADA AGREGADA--NOMBRE PERSONAL
Nombre de persona Campo, Conrado del,
Fechas asociadas al nombre 1878-1953
9 (RLIN) 34193
700 1# - ENTRADA AGREGADA--NOMBRE PERSONAL
Nombre de persona Soroa, José María.
9 (RLIN) 148910
852 4# - LOCALIZACIÓN
Ubicación ES-MaACL
Número de control de estantería F-16254
Holdings
Estatus retirado Estado de pérdida Estado de daño No para préstamo Biblioteca de origen Biblioteca actual Ubicación en estantería Fecha de adquisición Fuente de adquisición Total de préstamos Signatura topográfica completa Código de barras Visto por última vez Precio de reemplazo Tipo de ítem Koha
        Biblioteca del Ateneo de Madrid Biblioteca del Ateneo de Madrid Sala Pecera Planta 2 17/01/2008     F-16254 1036892 23/02/2023 23/02/2023 Libro impreso